000 00325nam a22001337a 4500
999 _c2881
_d2881
005 20200925095054.0
008 200925b ||||| |||| 00| 0 eng d
020 _a0435900870
040 _cCML
082 _aCML
245 _aClimbie.
_cDadie, E.B.
260 _aLondon
_bHeinemann
_c1956
942 _2ddc
_cBK
_e1st Edition
_kF
_mDAD